<?xml version="1.0" encoding="UTF-8"?>
<record
    xmlns:xsi="http://www.w3.org/2001/XMLSchema-instance"
    xsi:schemaLocation="http://www.loc.gov/MARC21/slim http://www.loc.gov/standards/marcxml/schema/MARC21slim.xsd"
    xmlns="http://www.loc.gov/MARC21/slim">

  <leader>01422nam a2200325   4500</leader>
  <controlfield tag="001">432</controlfield>
  <controlfield tag="003">OSt</controlfield>
  <controlfield tag="005">20250624142329.0</controlfield>
  <controlfield tag="008">250624b        |||||||d |||| 00| 1 eng d</controlfield>
  <datafield tag="020" ind1=" " ind2=" ">
    <subfield code="a">9788542611816</subfield>
  </datafield>
  <datafield tag="040" ind1=" " ind2=" ">
    <subfield code="b">por</subfield>
  </datafield>
  <datafield tag="041" ind1=" " ind2=" ">
    <subfield code="h">eng</subfield>
    <subfield code="a">por</subfield>
  </datafield>
  <datafield tag="082" ind1=" " ind2=" ">
    <subfield code="a">IJ 028.5</subfield>
    <subfield code="b">H668j</subfield>
  </datafield>
  <datafield tag="100" ind1=" " ind2=" ">
    <subfield code="a">Hirohiko Araki,</subfield>
    <subfield code="d">1960-</subfield>
    <subfield code="9">939</subfield>
  </datafield>
  <datafield tag="240" ind1=" " ind2=" ">
    <subfield code="a">Jojo&#xB4;s Bizarre Adventure - Phantom Blood vol. 01</subfield>
  </datafield>
  <datafield tag="245" ind1=" " ind2=" ">
    <subfield code="a">Jojo&#xB4;s Bizarre Adventure - </subfield>
    <subfield code="b">Phantom Blood -  vol. 01 /</subfield>
    <subfield code="c">Hirohiko Araki, Tradu&#xE7;&#xE3;o de Renata Leit&#xE3;o</subfield>
  </datafield>
  <datafield tag="260" ind1=" " ind2=" ">
    <subfield code="a">Barueri</subfield>
    <subfield code="b">Panini</subfield>
    <subfield code="c">2018</subfield>
  </datafield>
  <datafield tag="300" ind1=" " ind2=" ">
    <subfield code="a">307 p.</subfield>
    <subfield code="b">il.</subfield>
  </datafield>
  <datafield tag="490" ind1="1" ind2=" ">
    <subfield code="a">Jojo&#xB4;s Bizarre Adventure - Phantom Blood </subfield>
    <subfield code="v">vol. 01</subfield>
  </datafield>
  <datafield tag="520" ind1=" " ind2=" ">
    <subfield code="a">Jonathan &#xE9; o herdeiro &#xFA;nico de uma not&#xF3;ria fam&#xED;lia da aristocracia brit&#xE2;nica, os Joestar. Tudo o que o jovem queria era ser um cavalheiro e viver de forma tranquila e despreocupada. Por&#xE9;m, seus pacatos dias est&#xE3;o para acabar, pois a chegada do &#x201C;invasor&#x201D; Dio Brando far&#xE1; tudo virar de cabe&#xE7;a para baixo. Al&#xE9;m de sofrer diariamente nas m&#xE3;os de Dio, ainda h&#xE1; a presen&#xE7;a sombria de uma misteriosa M&#xE1;scara de Pedra.</subfield>
  </datafield>
  <datafield tag="650" ind1=" " ind2="0">
    <subfield code="a">Literatura Japonesa</subfield>
    <subfield code="9">534</subfield>
  </datafield>
  <datafield tag="650" ind1=" " ind2="0">
    <subfield code="a">Infantojuvenil</subfield>
    <subfield code="9">200</subfield>
  </datafield>
  <datafield tag="650" ind1=" " ind2="0">
    <subfield code="a">Super-her&#xF3;is</subfield>
    <subfield code="9">671</subfield>
  </datafield>
  <datafield tag="650" ind1=" " ind2="0">
    <subfield code="a">A&#xE7;&#xE3;o</subfield>
    <subfield code="9">64</subfield>
  </datafield>
  <datafield tag="650" ind1=" " ind2="0">
    <subfield code="a">Terror</subfield>
    <subfield code="9">141</subfield>
  </datafield>
  <datafield tag="655" ind1=" " ind2="0">
    <subfield code="a">Mang&#xE1;</subfield>
    <subfield code="9">940</subfield>
  </datafield>
  <datafield tag="700" ind1=" " ind2=" ">
    <subfield code="a">Renata leit&#xE3;o</subfield>
    <subfield code="e">Tradu&#xE7;&#xE3;o</subfield>
    <subfield code="9">941</subfield>
  </datafield>
  <datafield tag="830" ind1=" " ind2=" ">
    <subfield code="a">Jojo&#xB4;s Bizarre Adventure - Phantom Blood</subfield>
    <subfield code="v">vol. 01</subfield>
    <subfield code="9">942</subfield>
  </datafield>
  <datafield tag="942" ind1=" " ind2=" ">
    <subfield code="2">ddc</subfield>
    <subfield code="n">0</subfield>
    <subfield code="c">BK</subfield>
  </datafield>
  <datafield tag="952" ind1=" " ind2=" ">
    <subfield code="0">0</subfield>
    <subfield code="1">0</subfield>
    <subfield code="2">ddc</subfield>
    <subfield code="3">vol. 01</subfield>
    <subfield code="4">0</subfield>
    <subfield code="7">0</subfield>
    <subfield code="8">GIB</subfield>
    <subfield code="a">BIBIB</subfield>
    <subfield code="b">BIBIB</subfield>
    <subfield code="c">HGM</subfield>
    <subfield code="d">2025-06-24</subfield>
    <subfield code="e">doa&#xE7;&#xE3;o</subfield>
    <subfield code="l">0</subfield>
    <subfield code="o">IJ 028.5 / H668j</subfield>
    <subfield code="p">2025-17363</subfield>
    <subfield code="r">2025-06-24 14:22:49</subfield>
    <subfield code="w">2025-06-24</subfield>
    <subfield code="y">BK</subfield>
  </datafield>
  <datafield tag="999" ind1=" " ind2=" ">
    <subfield code="c">432</subfield>
    <subfield code="d">432</subfield>
  </datafield>
</record>
